000 01530cam a2200385 a 4500
001 111900
005 20230410103901.0
008 080904s2008 is 000 0 eng d
035 _a15438832
010 _a2008357361
020 _a9789652294159
020 _a9652294152
035 _a(OCoLC)ocn232338400
040 _aJRF
_cJRF
_dYDXCP
_dBAKER
_dBTCTA
_dCUS
_dDLC
042 _alccopycat
043 _aa-is---
050 1 4 _a416 DS 119.76
_bG559s 2008
082 0 0 _a956.05/3
100 1 _aGlick, Caroline B.
245 1 0 _aShackled warrior :
_bIsrael and the global jihad /
_cCaroline B. Glick; foreword by R. James Woolsey
246 3 0 _aIsrael and the global jihad.
260 _aJerusalem ;
_aNew York :
_bGefen Publishing House,
_c2008.
300 _axx, 427 p.;
_c24 cm.
500 _aCompilation of commentaries originally published in the Jerusalem post between 2003 and 2007.
505 0 _aThe war against Israel --- The war against the free world --- Three: Israel Alone --- The treat of destruction --- Israel's suicide attempt --- The Battle for hearts and minds --- Comtemporary thought police --- European Betrayal --- An Israeli in Iraq --- A light unto the nations.
650 0 _aArab-Israeli conflict
_y1993-
651 0 _aIsrael
_xPolitics and government
_y1993-
650 0 _aTerrorism
_xGovernment policy
_zIsrael.
650 0 _aTerrorism
_xReligious aspects
_xIslam.
650 0 _aJihad.
650 0 _aIslamic fundamentalism.
700 1 _aWoolsey, James
942 _2lcc
_cbk
946 _aPP
999 _c27708
_d27708